Sweden Football Top Goalscorers - Statistics

General Stats
  • This quiz has been taken 108 times
  • The average score is 5 of 10
Answer Stats
Hint Answer % Correct
62 (2001-16) Zlatan Ibrahimovic
100%
37 (1993-2009) Henrik Larsson
86%
26 (1990-95) Tomas Brolin
58%
43 (1942-48) Gunnar Nordahl
57%
31 (1990-2000) Kennet Andersson
48%
29 (1991-97) Martin Dahlin
48%
33 (1940-58) Gunnar Gren
35%
30 (1999-2008) Marcus Allbäck
32%
49 (1923-32) Sven Rydell
11%
27 (1957-67) Agne Simonsson
9%
No matching quizzes found
Score Distribution
Percent of People with Each Score
Percentile by Number Answered
Your Score History
You have not taken this quiz